000 00428nam a22001697a 4500
005 20250829132702.0
008 250829b |||||||| |||| 00| 0 eng d
020 _a9798896995067
041 _aeng
082 _a658 PUR
100 _a Purohit, Archana
245 _aAgency Adda: The Ultimate Agency Blueprint
260 _aIndia
_bNotion Press
_c2025
300 _a178;. p 21 cm
650 _aAgency Blueprint
942 _cBK
999 _c46490
_d46490